[Event "ROM-ch U18"]
[Site "Calimanesti"]
[Date "2018.04.01"]
[Round "7"]
[White "Olinici, Emanuel"]
[Black "Mongescu, Victor"]
[Result "1-0"]
[WhiteElo "1964"]
[BlackElo "2055"]
[PlyCount "73"]
[EventDate "2018.03.27"]
[EventType "swiss"]
[EventRounds "9"]
[EventCountry "ROU"]
[SourceTitle "CBM 183 Extra"]
[Source "ChessBase"]
[SourceDate "2018.04.19"]
[SourceVersion "1"]
[SourceVersionDate "2018.04.19"]
[SourceQuality "1"]

1. d4 d5 2. c4 e6 3. Nc3 c6 4. e4 dxe4 5. Nxe4 Bb4+ 6. Bd2 Qxd4 7. Bxb4 Qxe4+ 8. Ne2 Na6 9. Bf8 Ne7 10. Bxg7 Nb4 11. Qd6 Nc2+ 12. Kd1 Nxa1 13. Bxh8 Qc2+ 14. Ke1 Qb1+ 15. Qd1 Nc2+ 16. Kd2 Qxd1+ 17. Kxd1 Nb4 18. Nc3 e5 19. a3 Bf5 20. Bxe5 0-0-0+ 21. Kc1 Na6 22. b4 Ng6 23. Bg3 Nc7 24. Be2 Ne6 25. Rd1 Nd4 26. Bf1 a5 27. Kb2 axb4 28. axb4 Nc2 29. Bd6 b6 30. Be2 Ne1 31. g4 Be6 32. c5 Rxd6 33. cxd6 Ng2 34. Na4 b5 35. d7+ Kd8 36. Nc5 Bd5 37. Ra1 1-0

[Event "ROM-ch U18"]
[Site "Calimanesti"]
[Date "2018.03.31"]
[Round "6"]
[White "Mongescu, Victor"]
[Black "Ileana, George"]
[Result "1/2-1/2"]
[WhiteElo "2055"]
[BlackElo "2362"]
[PlyCount "87"]
[EventDate "2018.03.27"]
[EventType "swiss"]
[EventRounds "9"]
[EventCountry "ROU"]
[SourceTitle "CBM 183 Extra"]
[Source "ChessBase"]
[SourceDate "2018.04.19"]
[SourceVersion "1"]
[SourceVersionDate "2018.04.19"]
[SourceQuality "1"]

1. d4 Nf6 2. Nf3 e6 3. e3 c5 4. Bd3 b6 5. Nbd2 Bb7 6. 0-0 Be7 7. b3 0-0 8. Bb2 d6 9. Qe2 Nc6 10. a3 Rc8 11. Rfe1 Re8 12. Rad1 Qc7 13. c4 cxd4 14. exd4 d5 15. Ne5 dxc4 16. bxc4 Nxe5 17. dxe5 Nd7 18. Qg4 Nc5 19. Bc2 g6 20. h4 Bf8 21. h5 Bg7 22. Re3 Rcd8 23. Nf3 Bxf3 24. Qxf3 Rxd1+ 25. Bxd1 Rd8 26. Bc2 Bh6 27. Re2 Qe7 28. g3 Qg5 29. hxg6 hxg6 30. Kg2 Qe7 31. Re1 Qc7 32. Rd1 Bg7 33. Rxd8+ Qxd8 34. Bc3 Nd7 35. Qe4 Qc7 36. f4 b5 37. Qd4 bxc4 38. a4 Bf8 39. a5 a6 40. Be4 Nc5 41. Qxc4 Qb8 42. Bf3 Qb1 43. Qe2 Nb3 44. Qb2 1/2-1/2

[Event "ROM-ch U18"]
[Site "Calimanesti"]
[Date "2018.03.30"]
[Round "5"]
[White "Herea, Sergiu Gabriel"]
[Black "Mongescu, Victor"]
[Result "1-0"]
[WhiteElo "2061"]
[BlackElo "2055"]
[PlyCount "117"]
[EventDate "2018.03.27"]
[EventType "swiss"]
[EventRounds "9"]
[EventCountry "ROU"]
[SourceTitle "CBM 183 Extra"]
[Source "ChessBase"]
[SourceDate "2018.04.19"]
[SourceVersion "1"]
[SourceVersionDate "2018.04.19"]
[SourceQuality "1"]

1. d4 d5 2. c4 e6 3. cxd5 exd5 4. Nc3 c6 5. Nf3 Bd6 6. Bg5 Ne7 7. e3 f6 8. Bh4 Bf5 9. Bd3 Nd7 10. Bg3 Nb6 11. 0-0 0-0 12. a4 Bxg3 13. hxg3 a5 14. Ne1 Re8 15. Qb3 Kh8 16. Qc2 Bxd3 17. Nxd3 Nf5 18. Nc5 Nd6 19. Rfb1 Qe7 20. Re1 f5 21. Nd3 Nd7 22. b3 Ne4 23. Ne2 Rf8 24. f3 Nd6 25. Nef4 Qf6 26. Kf2 Kg8 27. Rh1 h6 28. Rae1 Rfe8 29. Nc5 Nxc5 30. Qxc5 Nf7 31. Nd3 Reb8 32. Rc1 Re8 33. Rhe1 g5 34. Rh1 Re7 35. Rce1 Ree8 36. Rh2 Kg7 37. Reh1 Re6 38. Re1 Ree8 39. Rhh1 Reb8 40. Rc1 Ra6 41. Qc3 Raa8 42. Rh2 Re8 43. Rch1 Rh8 44. Ne5 Nxe5 45. dxe5 Qe6 46. f4 g4 47. Qc5 Ra6 48. Rh5 Kg6 49. Rg5+ Kh7 50. Qc2 Rf8 51. Rhh5 d4 52. exd4 Qd5 53. Rxf5 Qxd4+ 54. Kf1 Kg8 55. Rxf8+ Kxf8 56. Rxh6 c5 57. Qf5+ Ke7 58. Rh7+ Ke8 59. Qf7+ 1-0

[Event "ROM-ch U18"]
[Site "Calimanesti"]
[Date "2018.03.29"]
[Round "4"]
[White "Mongescu, Victor"]
[Black "Zubcu, Vlad George"]
[Result "1/2-1/2"]
[WhiteElo "2055"]
[BlackElo "2156"]
[PlyCount "90"]
[EventDate "2018.03.27"]
[EventType "swiss"]
[EventRounds "9"]
[EventCountry "ROU"]
[SourceTitle "CBM 183 Extra"]
[Source "ChessBase"]
[SourceDate "2018.04.19"]
[SourceVersion "1"]
[SourceVersionDate "2018.04.19"]
[SourceQuality "1"]

1. d4 Nf6 2. Nf3 d5 3. e3 Bg4 4. h3 Bh5 5. g4 Bg6 6. Ne5 Nbd7 7. h4 h6 8. Nxg6 fxg6 9. Bd3 Nb6 10. Bxg6+ Kd7 11. Nd2 Kc8 12. Bf5+ Kb8 13. Qe2 Qd6 14. b3 e6 15. Bd3 e5 16. c3 Be7 17. dxe5 Qxe5 18. Bb2 Ne4 19. Bxe4 dxe4 20. 0-0-0 a5 21. Nc4 Qb5 22. Rd2 Nxc4 23. Qxc4 Qxc4 24. bxc4 Rf8 25. c5 Bxc5 26. c4 Rf7 27. Rd5 b6 28. Rf5 Re7 29. Rd1 Kb7 30. Rdd5 a4 31. Kc2 Kc6 32. Rde5 Rae8 33. Rxe7 Rxe7 34. h5 Bd6 35. Kd2 Kd7 36. Rf8 Ke6 37. Ke2 Be5 38. Bxe5 Kxe5 39. Kf1 Kd6 40. Ra8 Kc5 41. Rxa4 Rf7 42. Kg2 Rf6 43. Kg3 Rf3+ 44. Kg2 Rf7 45. Kg3 Rf3+ 1/2-1/2

[Event "ROM-ch U18"]
[Site "Calimanesti"]
[Date "2018.03.27"]
[Round "1"]
[White "Mongescu, Victor"]
[Black "Bobocea, Laurentiu Vlad"]
[Result "1/2-1/2"]
[WhiteElo "2055"]
[BlackElo "1753"]
[PlyCount "103"]
[EventDate "2018.03.27"]
[EventType "swiss"]
[EventRounds "9"]
[EventCountry "ROU"]
[SourceTitle "CBM 183 Extra"]
[Source "ChessBase"]
[SourceDate "2018.04.19"]
[SourceVersion "1"]
[SourceVersionDate "2018.04.19"]
[SourceQuality "1"]

1. e4 c5 2. c3 Nf6 3. e5 Nd5 4. d4 cxd4 5. cxd4 Nc6 6. Nf3 d6 7. Bc4 Nb6 8. Bb5 dxe5 9. Nxe5 Bd7 10. Nxd7 Qxd7 11. 0-0 Rd8 12. Be3 e6 13. Nc3 Be7 14. Qf3 0-0 15. Rad1 Nd5 16. Bd3 Ncb4 17. Bb1 Nxc3 18. bxc3 Nd5 19. Qh3 f5 20. Bc1 Rc8 21. Bd2 b5 22. Rfe1 Bd6 23. Qf3 Bb8 24. g3 Rfe8 25. Re2 Nb6 26. Rde1 Nc4 27. Bc1 g6 28. Bf4 Bxf4 29. gxf4 a6 30. a4 Kf7 31. axb5 axb5 32. Ba2 Qc6 33. Qh3 h5 34. Bxc4 Qxc4 35. Re3 b4 36. cxb4 Qxd4 37. Re5 Qxb4 38. Qe3 Qe7 39. Qb3 Rc6 40. Qf3 Rd6 41. Rb1 Red8 42. Rbe1 Re8 43. h3 Red8 44. Kh2 Qf6 45. Qb3 Qe7 46. R5e3 Re8 47. Rg3 Rd7 48. Reg1 Rg8 49. Re1 Re8 50. Qc3 Qf6 51. Re5 Rde7 52. Qf3 1/2-1/2

[Event "ROM-ch U16"]
[Site "Baile Felix"]
[Date "2017.02.08"]
[Round "8"]
[White "Mongescu, Victor"]
[Black "Calin, Alexandru"]
[Result "1/2-1/2"]
[WhiteElo "2016"]
[BlackElo "1979"]
[PlyCount "52"]
[EventDate "2017.02.02"]
[EventType "swiss"]
[EventRounds "9"]
[EventCountry "ROU"]
[SourceTitle "CBM 176 Extra"]
[Source "ChessBase"]
[SourceDate "2017.03.02"]
[SourceVersion "1"]
[SourceVersionDate "2017.03.02"]
[SourceQuality "1"]

1. d4 d5 2. Nf3 Nf6 3. Bf4 c5 4. e3 Nc6 5. c3 Qb6 6. Qc1 Nh5 7. Bg5 h6 8. Bh4 g5 9. Bg3 Bf5 10. dxc5 Qxc5 11. Nbd2 Nxg3 12. hxg3 Bg7 13. Nb3 Qd6 14. Qd2 e5 15. Be2 Rd8 16. 0-0 0-0 17. Rad1 a6 18. Nh2 d4 19. exd4 exd4 20. cxd4 Nxd4 21. Nxd4 Qxd4 22. Qa5 Qf6 23. b3 Rde8 24. Ng4 Qg6 25. Ne3 Be4 26. Bc4 Re5 1/2-1/2

[Event "ROM-ch U16"]
[Site "Baile Felix"]
[Date "2017.02.07"]
[Round "7"]
[White "Ciorgovean, Iustin"]
[Black "Mongescu, Victor"]
[Result "1/2-1/2"]
[WhiteElo "2112"]
[BlackElo "2016"]
[PlyCount "75"]
[EventDate "2017.02.02"]
[EventType "swiss"]
[EventRounds "9"]
[EventCountry "ROU"]
[SourceTitle "CBM 176 Extra"]
[Source "ChessBase"]
[SourceDate "2017.03.02"]
[SourceVersion "1"]
[SourceVersionDate "2017.03.02"]
[SourceQuality "1"]

1. Nf3 c5 2. c4 Nc6 3. Nc3 e5 4. g3 g6 5. Bg2 Bg7 6. 0-0 Nge7 7. Ne1 d6 8. Nc2 Be6 9. Ne3 0-0 10. Ned5 Rb8 11. d3 a6 12. a4 Bxd5 13. cxd5 Nb4 14. a5 Kh8 15. Bd2 f5 16. Qb3 b6 17. axb6 Rxb6 18. Qc4 Rb8 19. Na2 a5 20. Rfc1 Nc8 21. Nc3 Rf7 22. Na4 Ra7 23. Bc3 Nb6 24. Nxb6 Qxb6 25. Ra4 Kg8 26. Raa1 Rf8 27. e4 Bh6 28. Rf1 f4 29. Bh3 Bg7 30. Be6+ Kh8 31. Bd2 g5 32. f3 Nxd3 33. Bxa5 Rxa5 34. Rxa5 Qxa5 35. Qxd3 Rb8 36. Rf2 Qa1+ 37. Qf1 Qxf1+ 38. Rxf1 1/2-1/2

[Event "ROM-ch U16"]
[Site "Baile Felix"]
[Date "2017.02.06"]
[Round "6"]
[White "Mongescu, Victor"]
[Black "Talu, Mircea"]
[Result "1/2-1/2"]
[WhiteElo "2016"]
[BlackElo "2048"]
[PlyCount "41"]
[EventDate "2017.02.02"]
[EventType "swiss"]
[EventRounds "9"]
[EventCountry "ROU"]
[SourceTitle "CBM 176 Extra"]
[Source "ChessBase"]
[SourceDate "2017.03.02"]
[SourceVersion "1"]
[SourceVersionDate "2017.03.02"]
[SourceQuality "1"]

1. d4 Nf6 2. Bf4 e6 3. Nf3 c5 4. e3 d5 5. c3 Nc6 6. Bd3 Bd6 7. Bg3 0-0 8. Nbd2 cxd4 9. exd4 Qc7 10. Qe2 a6 11. a4 Bd7 12. Ne5 b5 13. axb5 axb5 14. 0-0 Rxa1 15. Rxa1 b4 16. Nxc6 Bxc6 17. cxb4 Bxg3 18. hxg3 Rb8 19. b5 Bd7 20. Nb3 Rb6 21. Nc5 1/2-1/2

[Event "ROM-ch U16"]
[Site "Baile Felix"]
[Date "2017.02.02"]
[Round "1"]
[White "Mongescu, Victor"]
[Black "Palii, Alex"]
[Result "1-0"]
[WhiteElo "2016"]
[BlackElo "1809"]
[PlyCount "69"]
[EventDate "2017.02.02"]
[EventType "swiss"]
[EventRounds "9"]
[EventCountry "ROU"]
[SourceTitle "CBM 176 Extra"]
[Source "ChessBase"]
[SourceDate "2017.03.02"]
[SourceVersion "1"]
[SourceVersionDate "2017.03.02"]
[SourceQuality "1"]

1. e4 c5 2. c3 e6 3. d4 d5 4. Nd2 Nc6 5. Ngf3 Nf6 6. Bd3 cxd4 7. cxd4 dxe4 8. Nxe4 Be7 9. Nc3 a6 10. a3 0-0 11. 0-0 b5 12. Be3 Bb7 13. Qe2 Qd6 14. Rad1 Rac8 15. Rfe1 Na5 16. Ne5 Nc4 17. Bc1 Bd8 18. Bxc4 bxc4 19. Bf4 Nd5 20. Bg3 Nxc3 21. bxc3 Qxa3 22. Nd7 Qxc3 23. Nxf8 Kxf8 24. d5 Qf6 25. dxe6 fxe6 26. Qg4 Qf5 27. Qxf5+ exf5 28. Rd7 Ba5 29. Bd6+ Kg8 30. Ree7 Bc3 31. Rxb7 Bf6 32. Re1 c3 33. Rb8 Rxb8 34. Bxb8 Bg5 35. f4 1-0

[Event "ROM-ch U16"]
[Site "Calimanesti Caciulata"]
[Date "2016.04.24"]
[Round "8"]
[White "Mongescu, Victor"]
[Black "Ciorica, Mihai Vlad"]
[Result "0-1"]
[WhiteElo "2005"]
[BlackElo "2009"]
[PlyCount "104"]
[EventDate "2016.04.18"]
[EventType "swiss"]
[EventRounds "9"]
[EventCountry "ROU"]
[SourceTitle "EXT 2017"]
[Source "ChessBase"]
[SourceDate "2016.10.25"]
[SourceVersion "1"]
[SourceVersionDate "2016.10.25"]
[SourceQuality "1"]

1. e4 c5 2. Nc3 Nc6 3. Bb5 g6 4. Bxc6 bxc6 5. f4 Bg7 6. Nf3 d6 7. 0-0 Nh6 8. d3 0-0 9. Qe1 f5 10. Qh4 Nf7 11. Bd2 e6 12. Qg3 c4 13. Kh1 cxd3 14. exf5 exf5 15. cxd3 Ba6 16. Ng5 Nxg5 17. fxg5 Rb8 18. Rab1 Rb4 19. Rf3 Bb7 20. Nd1 Rg4 21. Qf2 c5 22. Rg3 Bd4 23. Be3 Bxe3 24. Qxe3 Re8 25. Qf2 Qxg5 26. Rxg4 Qxg4 27. Nc3 a6 28. Rg1 h5 29. Rc1 h4 30. Kg1 h3 31. g3 Qb4 32. Rd1 Qb6 33. d4 cxd4 34. Qxd4 Qxb2 35. Rd2 Qa1+ 36. Nd1 Qxd4+ 37. Rxd4 Re1+ 38. Kf2 Rh1 39. Rxd6 Rxh2+ 40. Ke3 Be4 41. g4 Kg7 42. Nc3 Rg2 43. Rd7+ Kh6 44. Nxe4 fxe4 45. Rd1 Rxg4 46. Rh1 Rh4 47. a4 h2 48. a5 g5 49. Kd2 Kh5 50. Ke3 Kg4 51. Kxe4 Kg3+ 52. Ke3 Kg2 0-1

[Event "ROM-ch U16"]
[Site "Calimanesti Caciulata"]
[Date "2016.04.22"]
[Round "6"]
[White "Mongescu, Victor"]
[Black "Vasiliu, Cosmin"]
[Result "0-1"]
[WhiteElo "2005"]
[BlackElo "1977"]
[PlyCount "111"]
[EventDate "2016.04.18"]
[EventType "swiss"]
[EventRounds "9"]
[EventCountry "ROU"]
[SourceTitle "CBM 172 Extra"]
[Source "ChessBase"]
[SourceDate "2016.06.21"]
[SourceVersion "1"]
[SourceVersionDate "2016.06.21"]
[SourceQuality "1"]

1. e4 e5 2. Bc4 Nc6 3. Nc3 Bc5 4. d3 d6 5. Nge2 Na5 6. Bb3 Nxb3 7. axb3 a6 8. Ng3 Nf6 9. Qe2 Ng4 10. f3 Nf6 11. Be3 Bxe3 12. Qxe3 0-0 13. 0-0 Be6 14. Rae1 c6 15. Qd2 Nd7 16. f4 f6 17. f5 Bf7 18. Rf3 d5 19. Nf1 d4 20. Nd1 Re8 21. Rg3 Kf8 22. Qf2 Re7 23. Nd2 b5 24. Rh3 Bg8 25. Qh4 Qb8 26. Nf2 Ke8 27. Nf3 Kd8 28. b4 a5 29. c3 dxc3 30. bxc3 axb4 31. cxb4 Ra4 32. d4 Rxb4 33. dxe5 Nxe5 34. Qf4 Nxf3+ 35. Qxf3 Rb3 36. Rd1+ Rd7 37. Qg4 Qa7 38. Rxb3 Bxb3 39. Re1 Qa5 40. Rc1 Qd2 41. Ra1 Ra7 42. Rb1 Bc2 43. Rf1 Qe3 44. e5 Qxe5 45. Qb4 Bxf5 46. Rd1+ Kc7 47. Re1 Ra1 48. Nd1 Qd5 49. Qe7+ Qd7 50. Qe2 Bg4 51. Qe3 Kb7 52. Nc3 Rxe1+ 53. Qxe1 b4 54. Ne4 Qd1 55. Nc5+ Kb6 56. Nd7+ 0-1

[Event "ROM-ch U16"]
[Site "Calimanesti Caciulata"]
[Date "2016.04.21"]
[Round "4"]
[White "Mongescu, Victor"]
[Black "Albu, George"]
[Result "1-0"]
[WhiteElo "2005"]
[BlackElo "1760"]
[PlyCount "77"]
[EventDate "2016.04.18"]
[EventType "swiss"]
[EventRounds "9"]
[EventCountry "ROU"]
[SourceTitle "CBM 172 Extra"]
[Source "ChessBase"]
[SourceDate "2016.06.21"]
[SourceVersion "1"]
[SourceVersionDate "2016.06.21"]
[SourceQuality "1"]

1. e4 c5 2. c3 e6 3. d4 d5 4. Nd2 Nc6 5. Ngf3 Qb6 6. Bd3 Nf6 7. 0-0 Be7 8. e5 Nd7 9. dxc5 Bxc5 10. Qe2 Qc7 11. Re1 b6 12. Nb3 Be7 13. Nbd4 a6 14. Nxc6 Qxc6 15. Nd4 Qc7 16. Qg4 g6 17. Qg3 Nc5 18. Bc2 Bb7 19. Be3 Rc8 20. Rad1 b5 21. Bb1 Na4 22. Re2 Nb6 23. Bg5 Nc4 24. Bxe7 Qxe7 25. h3 Qd7 26. Nf3 a5 27. Ng5 Rc7 28. Ne4 Qc6 29. Qh4 Rc8 30. Nf6+ Kf8 31. Qh6+ Ke7 32. Rd4 Qc7 33. Qh4 Kf8 34. Nxh7+ Rxh7 35. Qxh7 Nxe5 36. Qh8+ Ke7 37. Qxe5 Qxe5 38. Rxe5 f6 39. Re1 1-0

[Event "ROM-ch U16"]
[Site "Calimanesti Caciulata"]
[Date "2016.04.19"]
[Round "2"]
[White "Mongescu, Victor"]
[Black "Banzea, Alexandru Bogdan"]
[Result "0-1"]
[WhiteElo "2005"]
[BlackElo "2258"]
[PlyCount "158"]
[EventDate "2016.04.18"]
[EventType "swiss"]
[EventRounds "9"]
[EventCountry "ROU"]
[SourceTitle "CBM 172 Extra"]
[Source "ChessBase"]
[SourceDate "2016.06.21"]
[SourceVersion "1"]
[SourceVersionDate "2016.06.21"]
[SourceQuality "1"]

1. e4 c5 2. Nc3 a6 3. f4 b5 4. Nf3 Bb7 5. d3 e6 6. a4 b4 7. Ne2 d5 8. e5 Nh6 9. Ng3 Nc6 10. Be2 f6 11. 0-0 Nf7 12. Re1 fxe5 13. Nxe5 Ncxe5 14. fxe5 g6 15. Bg4 Qe7 16. c3 Bg7 17. d4 0-0 18. Be3 Rae8 19. Qd2 a5 20. Ne2 Qh4 21. Bf3 Ba6 22. g3 Qe7 23. Bg2 Bxe2 24. Rxe2 c4 25. cxb4 axb4 26. Ree1 Ra8 27. a5 Rfb8 28. Ra4 Bf8 29. Rea1 Ra6 30. Bf1 b3 31. Qc3 Rb5 32. Bd2 Qa7 33. Kh1 Be7 34. Bh3 Kf8 35. Qe3 Ke8 36. Bc3 Bd8 37. Qe1 Ng5 38. Bg2 Qd7 39. Qe2 Rb7 40. Bb4 Be7 41. Bc3 Rba7 42. Qf2 Nf7 43. Bh3 Nd8 44. Qf4 Bf8 45. Qh4 Qe7 46. Qf4 Qg7 47. Qe3 Qh6 48. Qxh6 Bxh6 49. Rb4 Rxa5 50. Rxa5 Rxa5 51. Rb6 Ra1+ 52. Kg2 Kf7 53. Rd6 Bg5 54. Rd7+ Ke8 55. Rd6 Be7 56. Rb6 Kd7 57. Rb5 Kc6 58. Rb8 Rc1 59. Bg4 Kc7 60. Rb5 Kc6 61. Rb8 h5 62. Be2 Nb7 63. Rc8+ Kd7 64. Rb8 Kc7 65. Re8 Kd7 66. Rb8 Nd8 67. Kf2 Nc6 68. Rb5 Bd8 69. Ke3 Bg5+ 70. Kf2 Kc7 71. h4 Rxc3 72. bxc3 Bd2 73. g4 Bxc3 74. gxh5 gxh5 75. Bxh5 Bxd4+ 76. Ke1 Bxe5 77. Bf7 Nd4 78. Ra5 Kb6 79. Ra4 c3 0-1

[Event "ROM-ch U14"]
[Site "Calimanesti"]
[Date "2015.04.02"]
[Round "5"]
[White "Fluerariu, Radu Cristian"]
[Black "Mongescu, Victor"]
[Result "1/2-1/2"]
[WhiteElo "1722"]
[BlackElo "1802"]
[PlyCount "77"]
[EventDate "2015.03.30"]
[EventType "swiss"]
[EventRounds "9"]
[EventCountry "ROU"]
[SourceTitle "CBM 165 Extra"]
[Source "ChessBase"]
[SourceDate "2015.04.21"]
[SourceVersion "1"]
[SourceVersionDate "2015.04.21"]
[SourceQuality "1"]

1. c4 f5 2. g3 Nf6 3. Bg2 e6 4. Nc3 d5 5. d4 c6 6. Nf3 Bd6 7. Qc2 0-0 8. 0-0 Ne4 9. Bd2 Nd7 10. Ne1 Ndf6 11. f3 Nxc3 12. Qxc3 Nh5 13. Nd3 Bd7 14. Rae1 Qe7 15. e4 fxe4 16. fxe4 dxe4 17. Rxe4 Rxf1+ 18. Bxf1 Rf8 19. Bg2 Qf6 20. Nf4 Nxf4 21. Bxf4 Bxf4 22. Rxf4 Qe7 23. Rxf8+ Qxf8 24. b3 Qf6 25. Qd2 Kf7 26. Qf4 Ke7 27. Qxf6+ gxf6 28. Kf2 e5 29. dxe5 fxe5 30. Ke3 Kf6 31. Be4 h6 32. a3 b6 33. b4 c5 34. bxc5 bxc5 35. Kd3 Be8 36. Ke3 Ba4 37. h4 Bb3 38. Bd3 Ba4 39. Be4 1/2-1/2

[Event "ROM-ch U14"]
[Site "Calimanesti"]
[Date "2015.04.02"]
[Round "4"]
[White "Mongescu, Victor"]
[Black "Stoleriu, George"]
[Result "0-1"]
[WhiteElo "1802"]
[BlackElo "2104"]
[PlyCount "76"]
[EventDate "2015.03.30"]
[EventType "swiss"]
[EventRounds "9"]
[EventCountry "ROU"]
[SourceTitle "CBM 165 Extra"]
[Source "ChessBase"]
[SourceDate "2015.04.21"]
[SourceVersion "1"]
[SourceVersionDate "2015.04.21"]
[SourceQuality "1"]

1. e4 c5 2. c3 d5 3. exd5 Qxd5 4. d4 cxd4 5. cxd4 Nc6 6. Nf3 Bg4 7. Be2 e6 8. Nc3 Bb4 9. 0-0 Qa5 10. Be3 Nf6 11. h3 Bh5 12. Qb3 0-0 13. Rac1 Rfd8 14. Rfd1 Rac8 15. a3 Bxc3 16. bxc3 Rd7 17. Kf1 Rcd8 18. g4 Bg6 19. Ne5 Nxe5 20. dxe5 Qxe5 21. Rxd7 Rxd7 22. Qc4 h6 23. Kg1 Rc7 24. Bf4 Rxc4 25. Bxe5 Ra4 26. Bd6 Ne4 27. Bb4 a5 28. Be7 Ng5 29. c4 Nxh3+ 30. Kh2 Nxf2 31. Kg3 Ne4+ 32. Kf4 b5 33. Bd3 Nd2 34. Be2 b4 35. Ke3 Nb3 36. c5 Nxc1 37. c6 Rxa3+ 38. Kd2 Nxe2 0-1

[Event "ROM-ch U14"]
[Site "Calimanesti"]
[Date "2015.04.01"]
[Round "3"]
[White "Ciorgovean, Iustin"]
[Black "Mongescu, Victor"]
[Result "0-1"]
[WhiteElo "1729"]
[BlackElo "1802"]
[PlyCount "68"]
[EventDate "2015.03.30"]
[EventType "swiss"]
[EventRounds "9"]
[EventCountry "ROU"]
[SourceTitle "CBM 165 Extra"]
[Source "ChessBase"]
[SourceDate "2015.04.21"]
[SourceVersion "1"]
[SourceVersionDate "2015.04.21"]
[SourceQuality "1"]

1. d4 Nf6 2. c4 c5 3. d5 e5 4. Nc3 d6 5. e4 Be7 6. g3 0-0 7. Bg2 Ne8 8. Nf3 g6 9. 0-0 Ng7 10. a3 Nd7 11. Rb1 f5 12. b4 b6 13. Nd2 Nf6 14. a4 Ngh5 15. Ba3 f4 16. Nb3 g5 17. a5 g4 18. Re1 h6 19. Qd2 Nh7 20. Qa2 Ng5 21. Nd2 fxg3 22. fxg3 Nf3+ 23. Bxf3 gxf3 24. Rf1 Bg4 25. Nd1 Bg5 26. Kh1 Bh3 27. Rf2 Bg2+ 28. Kg1 Qd7 29. Nf1 Nf6 30. Qc2 Ng4 31. Rxg2 fxg2 32. Kxg2 Qf7 33. Qe2 Qh5 34. Nc3 Rf2+ 0-1

[Event "ROM-ch U14"]
[Site "Calimanesti"]
[Date "2015.03.31"]
[Round "2"]
[White "Mongescu, Victor"]
[Black "Axin, Andrei"]
[Result "1-0"]
[WhiteElo "1802"]
[BlackElo "1687"]
[PlyCount "51"]
[EventDate "2015.03.30"]
[EventType "swiss"]
[EventRounds "9"]
[EventCountry "ROU"]
[SourceTitle "CBM 165 Extra"]
[Source "ChessBase"]
[SourceDate "2015.04.21"]
[SourceVersion "1"]
[SourceVersionDate "2015.04.21"]
[SourceQuality "1"]

1. e4 e5 2. Bc4 Nc6 3. Nc3 Bc5 4. d3 d6 5. Na4 Bb6 6. Nxb6 axb6 7. f4 exf4 8. Bxf4 Nf6 9. Nf3 0-0 10. 0-0 Be6 11. Bg5 Bxc4 12. dxc4 h6 13. Bh4 Qe7 14. Nd4 Nxd4 15. Qxd4 Rfe8 16. Rae1 Qe5 17. Bxf6 gxf6 18. Qd2 Qg5 19. Re3 Kh7 20. Rf5 Qg7 21. Rg3 Qh8 22. Rh5 Qf8 23. Rgh3 Rxa2 24. Rxh6+ Kg8 25. Rh8+ Kg7 26. Qh6# 1-0

[Event "ROM-ch U14"]
[Site "Calimanesti"]
[Date "2014.04.09"]
[Round "5"]
[White "Andreescu, Darie Ioan"]
[Black "Mongescu, Victor"]
[Result "1-0"]
[WhiteElo "2030"]
[BlackElo "1745"]
[PlyCount "75"]
[EventDate "2014.04.06"]
[EventType "swiss"]
[EventRounds "9"]
[EventCountry "ROU"]
[SourceTitle "CBM 160 Extra"]
[Source "ChessBase"]
[SourceDate "2014.07.01"]
[SourceVersion "1"]
[SourceVersionDate "2014.07.01"]
[SourceQuality "1"]

1. d4 Nf6 2. c4 e6 3. Nc3 d5 4. Bg5 Be7 5. Nf3 Nbd7 6. e3 0-0 7. cxd5 exd5 8. Bd3 c6 9. Qc2 Re8 10. 0-0 h6 11. Bf4 Nh5 12. Nxd5 Nxf4 13. Nxf4 Bd6 14. Ne2 Nf8 15. Nc3 Bg4 16. Be2 Bc7 17. Rac1 Rc8 18. Qb3 Ng6 19. h3 Bxf3 20. Bxf3 Qd6 21. g3 Nh4 22. Bh1 Qg6 23. Qc2 f5 24. Ne2 Qg5 25. Qb3+ Kh8 26. Nf4 Bxf4 27. exf4 Qg6 28. Kh2 Qd6 29. gxh4 Qxf4+ 30. Qg3 Qxd4 31. Rc2 f4 32. Qc3 Qd6 33. Bf3 Qe7 34. Rg1 Rc7 35. Re2 Qd7 36. Rxg7 Qxg7 37. Rxe8+ Kh7 38. Be4+ 1-0

[Event "ROM-chT2"]
[Site "Olanesti"]
[Date "2013.10.19"]
[Round "8.5"]
[White "Deaconu, Mihai Ionut"]
[Black "Mongescu, Victor"]
[Result "1-0"]
[WhiteElo "1868"]
[BlackElo "1736"]
[PlyCount "85"]
[EventDate "2013.10.12"]
[EventType "team-tourn"]
[EventRounds "9"]
[EventCountry "ROU"]
[SourceTitle "EXT 2014"]
[Source "ChessBase"]
[SourceDate "2013.11.20"]
[SourceVersion "1"]
[SourceVersionDate "2013.11.20"]
[SourceQuality "1"]
[WhiteTeam "Galati Diana"]
[BlackTeam "Ramnicu Valcea"]
[WhiteTeamCountry "ROU"]
[BlackTeamCountry "ROU"]

1. e4 e6 2. d4 d5 3. exd5 exd5 4. Bd3 Nc6 5. c3 Bd6 6. Nf3 Bg4 7. h3 Bh5 8. Be3 Nge7 9. Nbd2 Qd7 10. Qc2 Bg6 11. 0-0 0-0-0 12. b4 Bxd3 13. Qxd3 f5 14. b5 Na5 15. Bg5 Rdf8 16. Rfe1 Ng6 17. c4 Nxc4 18. Nxc4 dxc4 19. Qxc4 h6 20. Bd2 Re8 21. a4 Re4 22. a5 Rhe8 23. Rac1 Kb8 24. b6 a6 25. bxc7+ Bxc7 26. Rb1 Ka8 27. Rec1 Bf4 28. Rc2 Bxd2 29. Rxd2 Nf4 30. Rdb2 Ne2+ 31. Kh1 Nf4 32. Kg1 Ne2+ 33. Kh1 Qc8 34. Qxc8+ Rxc8 35. Rxb7 Rc1+ 36. Rxc1 Kxb7 37. Rb1+ Ka7 38. d5 Nc3 39. d6 Re6 40. Rb6 Nd5 41. d7 Nxb6 42. axb6+ Rxb6 43. d8Q 1-0

[Event "ROM-ch"]
[Site "Baile Olanesti"]
[Date "2013.02.24"]
[Round "11"]
[White "Toculet, Gheorghe Cristache"]
[Black "Mongescu, Victor"]
[Result "0-1"]
[WhiteElo "1839"]
[BlackElo "1704"]
[PlyCount "98"]
[EventDate "2013.02.16"]
[EventType "swiss"]
[EventRounds "11"]
[EventCountry "ROU"]
[SourceTitle "CBM 153 Extra"]
[Source "ChessBase"]
[SourceDate "2013.04.22"]
[SourceVersion "1"]
[SourceVersionDate "2013.04.22"]
[SourceQuality "1"]

1. e4 e5 2. d4 exd4 3. c3 dxc3 4. Nxc3 Nc6 5. Bc4 Nf6 6. Bg5 Be7 7. Nf3 d6 8. 0-0 0-0 9. Re1 Bg4 10. h3 Bh5 11. g4 Bg6 12. Nh4 Kh8 13. Nxg6+ fxg6 14. Be6 Nd7 15. Be3 Nb6 16. a4 Ne5 17. f4 Nec4 18. Bc1 Rf6 19. Bxc4 Nxc4 20. Qd5 Nb6 21. Qxb7 Rf8 22. a5 Nd7 23. Nd5 Nc5 24. Qc6 Nb3 25. Ra4 Nc5 26. Ra3 Ne6 27. Be3 Bh4 28. Re2 Bf6 29. Qc4 c5 30. b4 Bd4 31. Bxd4 Nxd4 32. Rf2 Rc8 33. bxc5 dxc5 34. e5 Qd7 35. Nc3 Qc6 36. Ne2 Rfd8 37. Nxd4 Rxd4 38. Qf7 Rd1+ 39. Rf1 Rxf1+ 40. Kxf1 Qb5+ 41. Kg1 Qb1+ 42. Kg2 Qb2+ 43. Kg1 Qxa3 44. e6 Qa1+ 45. Kf2 Qf6 46. Qd7 Qxf4+ 47. Ke2 Qc7 48. Qd5 Qe7 49. a6 Re8 0-1